Las vicisitudes del capital social de Colombia / (Registro nro. 4961)
[ vista simple ]
| 000 -LEADER | |
|---|---|
| fixed length control field | 01402nam a2200265Ia 4500 |
| 003 - CONTROL NUMBER IDENTIFIER | |
| control field | OSt |
| 005 - DATE AND TIME OF LATEST TRANSACTION | |
| control field | 20200414131513.0 |
| 008 - FIXED-LENGTH DATA ELEMENTS--GENERAL INFORMATION | |
| fixed length control field | 191128s2013 ck ad gr 000 0 spa d |
| 020 ## - INTERNATIONAL STANDARD BOOK NUMBER | |
| International Standard Book Number | 9789588013770 |
| 040 ## - CATALOGING SOURCE | |
| Original cataloging agency | CO-JMCR |
| Transcribing agency | CO-JMCR |
| 041 0# - LANGUAGE CODE | |
| Language code of text/sound track or separate title | spa |
| 082 04 - DEWEY DECIMAL CLASSIFICATION NUMBER | |
| Classification number | 302.1 / |
| Item number | V31 |
| 100 1# - MAIN ENTRY--PERSONAL NAME | |
| Personal name | Hurtado, David A., |
| Relator term | autor |
| 9 (RLIN) | 2992 |
| 245 14 - TITLE STATEMENT | |
| Title | Las vicisitudes del capital social de Colombia / |
| Statement of responsibility, etc. | David A. Hurtado, Diana Marcela García, Andrés Felipe Copete |
| 250 ## - EDITION STATEMENT | |
| Edition statement | Primera edición |
| 260 ## - PUBLICATION, DISTRIBUTION, ETC. | |
| Place of publication, distribution, etc. | Bogotá : |
| Name of publisher, distributor, etc. | Fundacion Antonio restrepo Barco, |
| Date of publication, distribution, etc. | 2013 |
| 300 ## - PHYSICAL DESCRIPTION | |
| Extent | X, 512 páginas : |
| Other physical details | ilustraciones, gráficas ; |
| Dimensions | 28 cm. |
| 505 ## - FORMATTED CONTENTS NOTE | |
| Formatted contents note | Metodología -- Los factores del BARCAS -- El efecto de las variables exógenas sobre los factores -- Contexto general -- Las dimensiones que aportan a Ksocial -- Las dimensiones que aportan a Confíe -- Las dimensiones que aportan a Fenoval |
| 520 ## - SUMMARY, ETC. | |
| Summary, etc. | Este libro presenta los resultados de tercera medición del capital social en Colombia realizada en 2011, investigación que hace parte de una serie de mediciones que inició en el año 1997. Los resultados de esta tercera medición muestran la separación |
| 650 14 - SUBJECT ADDED ENTRY--TOPICAL TERM | |
| Topical term or geographic name entry element | Capital social Condiciones sociales |
| 9 (RLIN) | 2993 |
| 650 24 - SUBJECT ADDED ENTRY--TOPICAL TERM | |
| Topical term or geographic name entry element | Desarrollo social Participación social |
| 9 (RLIN) | 2994 |
| 700 1# - ADDED ENTRY--PERSONAL NAME | |
| Personal name | García, Diana Marcela, |
| Relator term | autora |
| 9 (RLIN) | 2995 |
| 700 1# - ADDED ENTRY--PERSONAL NAME | |
| Personal name | Copete, Andrés Felipe, |
| Relator term | autor |
| 9 (RLIN) | 2996 |
| 942 ## - ADDED ENTRY ELEMENTS (KOHA) | |
| Source of classification or shelving scheme | Dewey Decimal Classification |
| Koha item type | Books |
| Withdrawn status | Lost status | Source of classification or shelving scheme | Materials specified (bound volume or other part) | Damaged status | Not for loan | Home library | Current library | Shelving location | Date acquired | Source of acquisition | Cost, normal purchase price | Total Checkouts | Full call number | Barcode | Date last seen | Copy number | Price effective from | Koha item type |
|---|---|---|---|---|---|---|---|---|---|---|---|---|---|---|---|---|---|---|
| Dewey Decimal Classification | Donación--15/04/2018-- | Biblioteca Pública José María del Castillo y Rada | Biblioteca Pública José María del Castillo y Rada | General Stacks | 11/28/2019 | Donación | 0.00 | 302.1 / V31 | 430001070 | 05/16/2024 | Ej.1 | 11/28/2019 | Books |